000 00204nam a2200085Ia 4500
008 120527s9999 xx 000 0 und d
100 _aGHAI, C.L
245 _aA textbook of practical physiology
942 _cBK
999 _c25084
_d25084